| 000 | 00791nam a22002057a 4500 | ||
|---|---|---|---|
| 005 | 20251108165446.0 | ||
| 008 | 250721s1987 xx 000 0 ara d | ||
| 082 | 1 | 4 | _aم/217/زمخ |
| 100 | 1 | _aالزمخشري، جار الله أبو القاسم محمود | |
| 245 | 1 | 0 |
_aرؤوس المسائل : _bالمسائل الخلافية بين الحنفية و الشافعية / |
| 264 | 1 |
_aبيروت : _bدار البشائر الإسلامية للطباعة و النشر و التوزيع، _c1987. |
|
| 300 | _a616ص | ||
| 650 | 1 | 7 | _aالإسلام |
| 650 | 1 | 7 | _aالفقه الشافعي |
| 650 | 1 | 7 | _aالفقه الحنفي |
| 650 | 1 | 7 | _aفقه السنة |
| 700 | 1 |
_aأحمد، عبد الله نذير _eدراسة و تحقيق |
|
| 942 |
_2ddc _cREF |
||
| 999 |
_c28407 _d28407 |
||